Phi Trường

保存先:
書誌詳細
第一著者: Hăyli Ăcthơ
フォーマット: 図書
出版事項: H. Nxb. Lao động 1986
タグ: タグ追加
タグなし, このレコードへの初めてのタグを付けませんか!
Thư viện lưu trữ: Mạng thư viện Đại học Đà Nẵng
LEADER 00744nam a2200265 4500
001 000004574
003 713
005 20150812140811.0
008 110722s1986 sd
041 0 |a 15.000đ 
082 1 |a 813  |b HAY 
100 0 |a Hăyli Ăcthơ 
245 0 0 |a Phi Trường  |c Thái Hà dịch 
260 |a H.  |b Nxb. Lao động  |c 1986 
300 |a 441 tr  |c 19 cm 
774 |a Hayli Ăcthơ  |d H.  |d Nxb. Lao động  |d 1986  |h 441 tr  |w 714 
774 |a Hayli Ăcthơ  |d Nxb. Lao động  |d H.  |d 1986  |g Tập 2  |h 319 tr  |w 715 
OWN |a LSP 
999 |a From the UDN01 
TYP |a Monograph 
TYP |a Printed language 
980 |a Mạng thư viện Đại học Đà Nẵng